000 00411nam a2200157Ia 4500
008 230917s9999||||xx |||||||||||||| ||und||
020 _cRS250
040 _e27069
_aMAIN
041 _aEnglish
082 _a822.33 S15N:S
100 _aNaikar, Basavaraj
245 0 _aShakespeare's last plays: A study of epic affirmation
260 _aNew Delhi
_bCreative publishers
_c1991
300 _a287 p.
942 _cBK
999 _c76605
_d76605